[Event "Arco op-B 39th"]
[Site "Arco"]
[Date "2017.10.15"]
[Round "8"]
[White "Rottondi, Paolo"]
[Black "Di Dario, Dario"]
[Result "1-0"]
[WhiteElo "1596"]
[BlackElo "1604"]
[PlyCount "175"]
[EventDate "2017.10.08"]
[EventType "swiss"]
[EventRounds "8"]
[EventCountry "ITA"]
[SourceTitle "CBM 181 Extra"]
[Source "ChessBase"]
[SourceDate "2017.12.12"]
[SourceVersion "1"]
[SourceVersionDate "2017.12.12"]
[SourceQuality "1"]

1. e4 g6 2. d4 Bg7 3. c3 d6 4. Bd3 e6 5. Ne2 Nd7 6. 0-0 Ne7 7. Be3 a6 8. Qc1 h6 9. Nd2 b6 10. f4 f5 11. Nf3 Bb7 12. e5 dxe5 13. fxe5 Bxf3 14. Rxf3 Nxe5 15. Rh3 Nxd3 16. Qc2 Nxb2 17. Qxb2 Nd5 18. Qb3 g5 19. c4 Nf4 20. Nxf4 gxf4 21. Bf2 Bxd4 22. Rd1 c5 23. Rhd3 e5 24. Bxd4 exd4 25. Qa4+ Kf7 26. Qc6 Rc8 27. Qf3 Qd6 28. Re1 Rce8 29. Qh5+ Qg6 30. Qh4 Rxe1+ 31. Qxe1 Re8 32. Qf2 Re4 33. Qf3 Qg4 34. Rb3 Qxf3 35. gxf3 Re6 36. Kf2 Ke7 37. Rb1 Kd6 38. Rxb6+ Kd7 39. Rb7+ Kc6 40. Rf7 d3 41. Rxf5 Re2+ 42. Kf1 Rxa2 43. Rd5 Rd2 44. Ke1 Rc2 45. Rh5 Rxc4 46. Kd2 a5 47. Kxd3 Kb5 48. Rxh6 a4 49. Rh8 Rd4+ 50. Kc3 Rc4+ 51. Kd3 Rd4+ 52. Kc3 Rd6 53. h4 c4 54. Rb8+ Kc5 55. Rc8+ Kd5 56. Rxc4 Ke5 57. Rxa4 Kf5 58. Ra5+ Kg6 59. h5+ Kh6 60. Rf5 Re6 61. Kd4 Re1 62. Rxf4 Kxh5 63. Re4 Rf1 64. f4 Kg6 65. Ke5 Kf7 66. Kf5 Rf2 67. Ra4 Rf3 68. Ra7+ Kf8 69. Kg5 Rg3+ 70. Kf6 Ke8 71. f5 Re3 72. Ra8+ Kd7 73. Kf7 Re7+ 74. Kf6 Re3 75. Ra7+ Ke8 76. Rb7 Kd8 77. Kf7 Rh3 78. Rb8+ Kc7 79. Rg8 Kd7 80. f6 Rh6 81. Rg6 Rh7+ 82. Rg7 Rh8 83. Kg6+ Ke8 84. Ra7 Rg8+ 85. Kh7 Rf8 86. Kg7 Rxf6 87. Kxf6 Kd8 88. Ke6 1-0

[Event "Arco op-B 39th"]
[Site "Arco"]
[Date "2017.10.11"]
[Round "4"]
[White "Rottondi, Paolo"]
[Black "Buri, Kata"]
[Result "1/2-1/2"]
[WhiteElo "1596"]
[BlackElo "1472"]
[PlyCount "133"]
[EventDate "2017.10.08"]
[EventType "swiss"]
[EventRounds "8"]
[EventCountry "ITA"]
[SourceTitle "CBM 181 Extra"]
[Source "ChessBase"]
[SourceDate "2017.12.12"]
[SourceVersion "1"]
[SourceVersionDate "2017.12.12"]
[SourceQuality "1"]

1. e4 e6 2. Nf3 d5 3. e5 c5 4. b4 cxb4 5. d4 Nc6 6. a3 Bd7 7. axb4 Bxb4+ 8. c3 Be7 9. Ba3 Bxa3 10. Nxa3 a6 11. Bd3 Nge7 12. Qd2 Nf5 13. 0-0 Nce7 14. Nc2 0-0 15. Rfb1 Bb5 16. Bxb5 axb5 17. Rxa8 Qxa8 18. Rxb5 Qa6 19. Rb1 Rc8 20. Nb4 Qc4 21. Rc1 Nc6 22. Nxc6 bxc6 23. Qf4 Rb8 24. g4 Nh6 25. Nd2 Qe2 26. h3 Rb2 27. Nf1 Qd3 28. Qe3 Qg6 29. Ra1 Rb8 30. Ra6 Nf5 31. Qd3 Ne7 32. Qxg6 fxg6 33. Ra7 Kf8 34. Nd2 Rb2 35. Nf3 h6 36. Kg2 Rb3 37. Ng1 Rxc3 38. Ne2 Rc2 39. Nf4 Kf7 40. Nxg6 Kxg6 41. Rxe7 Rc4 42. Rxe6+ Kf7 43. Rd6 Ke7 44. Kg3 Kf7 45. f4 g6 46. f5 Rc3+ 47. Kf2 gxf5 48. gxf5 h5 49. Kg2 h4 50. Rh6 Rc2+ 51. Kf3 Rc4 52. Ke3 Rc3+ 53. Kf4 Rxh3 54. Rxc6 Rd3 55. Rf6+ Ke7 56. Rh6 Rxd4+ 57. Kf3 Re4 58. e6 Re5 59. Kf4 Re4+ 60. Kf3 Re5 61. Rh7+ Kf8 62. Rf7+ Kg8 63. Rd7 Rxf5+ 64. Kg4 Re5 65. e7 Kf7 66. Kxh4 Rxe7 67. Rxd5 1/2-1/2

[Event "Arco op-B 39th"]
[Site "Arco"]
[Date "2017.10.09"]
[Round "2"]
[White "Rottondi, Paolo"]
[Black "Meroni, Alberto"]
[Result "1-0"]
[WhiteElo "1596"]
[BlackElo "1020"]
[PlyCount "51"]
[EventDate "2017.10.08"]
[EventType "swiss"]
[EventRounds "8"]
[EventCountry "ITA"]
[SourceTitle "CBM 181 Extra"]
[Source "ChessBase"]
[SourceDate "2017.12.12"]
[SourceVersion "1"]
[SourceVersionDate "2017.12.12"]
[SourceQuality "1"]

1. e4 d6 2. d4 Nf6 3. Nc3 g6 4. Bg5 Bg7 5. f4 0-0 6. Nf3 b6 7. Bd3 Bb7 8. 0-0 Nbd7 9. e5 dxe5 10. fxe5 Nd5 11. Nxd5 Bxd5 12. c4 Bb7 13. Qe2 Re8 14. Be4 Bxe4 15. Qxe4 f6 16. Bf4 f5 17. Qc6 e6 18. Ng5 Nb8 19. Qxa8 Qxd4+ 20. Kh1 h6 21. Nxe6 Qxb2 22. Nxg7 Kxg7 23. Qxa7 g5 24. Qxc7+ Kg6 25. Qd6+ Kf7 26. Qf6+ 1-0

[Event "Milan Cappello Memorial"]
[Site "Milan"]
[Date "2015.05.26"]
[Round "4"]
[White "Nepi, Ezio"]
[Black "Rottondi, Paolo"]
[Result "1-0"]
[WhiteElo "1963"]
[BlackElo "1612"]
[PlyCount "67"]
[EventDate "2015.05.12"]
[EventType "swiss"]
[EventRounds "8"]
[EventCountry "ITA"]
[SourceTitle "EXT 2017"]
[Source "ChessBase"]
[SourceDate "2016.10.25"]
[SourceVersion "1"]
[SourceVersionDate "2016.10.25"]
[SourceQuality "1"]

1. d4 d5 2. c4 Bf5 3. cxd5 Bxb1 4. Rxb1 Qxd5 5. Qa4+ Nc6 6. e3 e6 7. Bd2 Qf5 8. Rc1 Nge7 9. Nf3 f6 10. Be2 a6 11. Rc5 Qb1+ 12. Bc1 Kf7 13. 0-0 Nd5 14. Rxd5 exd5 15. Qb3 Nb4 16. a3 Qa2 17. Qxa2 Nxa2 18. Bd2 a5 19. Ra1 Nb4 20. axb4 Bxb4 21. Bd3 Bxd2 22. Nxd2 Rhe8 23. Nb3 b6 24. Bb5 Re6 25. Rc1 a4 26. Nd2 Ra5 27. Bc6 f5 28. Bd7 Re7 29. Bxf5 Rb5 30. Rc2 c5 31. Bd3 c4 32. Nxc4 Rb4 33. Ne5+ Rxe5 34. dxe5 1-0

[Event "Milan SSM op"]
[Site "Milan"]
[Date "2015.02.05"]
[Round "8"]
[White "Rottondi, Paolo"]
[Black "Papale, Carmelo"]
[Result "0-1"]
[WhiteElo "1594"]
[BlackElo "1799"]
[PlyCount "92"]
[EventDate "2015.01.13"]
[EventType "swiss"]
[EventRounds "8"]
[EventCountry "ITA"]
[SourceTitle "EXT 2017"]
[Source "ChessBase"]
[SourceDate "2016.10.25"]
[SourceVersion "1"]
[SourceVersionDate "2016.10.25"]
[SourceQuality "1"]

1. e4 c5 2. d4 cxd4 3. c3 dxc3 4. Nxc3 Nc6 5. Nf3 d6 6. Bc4 Nf6 7. e5 dxe5 8. Qxd8+ Kxd8 9. Ng5 Na5 10. Nxf7+ Ke8 11. Nxe5 Nxc4 12. Nxc4 Bf5 13. Be3 e6 14. Bf4 Rd8 15. Rd1 Bb4 16. Rxd8+ Kxd8 17. Ne5 Ke7 18. 0-0 Rd8 19. h3 h6 20. Nb5 a6 21. Nc7 Ba5 22. Rc1 Nh5 23. Be3 Bxc7 24. Rxc7+ Kd6 25. Nf7+ Kxc7 26. Nxd8 Bxh3 27. Nxb7 Bxg2 28. Nc5 Bb7 29. Nxe6+ Kd6 30. Nf4 Nf6 31. Kf1 Ng4 32. Bd4 g5 33. Nh3 Nh2+ 34. Ke2 Nf3 35. Bg7 h5 36. Kf1 Kd5 37. Ng1 Nh2+ 38. Ke2 Kc4 39. Bf8 g4 40. Bd6 Nf3 41. Nxf3 Bxf3+ 42. Kf1 h4 43. Kg1 Kd5 44. Bf4 Kc4 45. a4 a5 46. Bc7 Kb4 0-1